000 00701nam a2200277Ia 4500
005 20260324144225.0
008 008 260324s9999 xx 000 0 eng d
020 _a9780203192030
037 _aEBOOK
040 _aCRL
040 _beng
040 _cCRL
041 _2eng
041 _aeng
084 _qCRL
100 _aDr David Childs; Thomas A. Baylis; Erwin L. Collier; Marilyn Rueschemeyer
_91218532
245 0 _aEast Germany in Comparative Perspective
260 _bTaylor and Francis
260 _c1989
365 _a
365 _b230
856 _uhttp://www.taylorfrancis.com/books/9780203192030
942 _cEBOOK
999 _c1824881
_d1824881